Evaluación y cambio educativo: análisis cualitativo del fracaso escolar
Gardado en:
| Autor Principal: | |
|---|---|
| Formato: | Libro |
| Idioma: | Lingua castelá |
| Publicado: |
Madrid
Ediciones Morata
1994
|
| Edición: | 3a. ed |
| Series: | Colección Pedagogía
|
| Subjects: | |
| Tags: |
Engadir etiqueta
Sen Etiquetas, Sexa o primeiro en etiquetar este rexistro!
|
MARC
| LEADER | 00000nam a2200000 a 4500 | ||
|---|---|---|---|
| 001 | UCZ1541 | ||
| 003 | CL-VaPUC | ||
| 008 | 950824e19940000SP |||||||||||||||||spa|d | ||
| 020 | |a 8471123088 | ||
| 082 | 0 | 4 | |a 371.28 |b FER |2 21 |
| 100 | 0 | |a Fernández Pérez, Miguel |e author |9 345111 | |
| 245 | 1 | 0 | |a Evaluación y cambio educativo: análisis cualitativo del fracaso escolar |
| 250 | |a 3a. ed | ||
| 300 | |a 316 p | ||
| 942 | |c BK | ||
| 945 | |d 19950824 00:00:00 |a rbrito | ||
| 260 | |a Madrid |b Ediciones Morata |c 1994 | ||
| 650 | 7 | |a FRACASO ESCOLAR |2 CL-VaPUC |9 308828 | |
| 650 | 0 | |a Evaluación de la educación |9 237505 | |
| 650 | 0 | |a Aspectos psicológicos |9 258128 | |
| 583 | |a last modification |c 19950824 00:00:00 |k Rodrigo Vera | ||
| 490 | 0 | |a Colección Pedagogía | |
| 999 | |c 238278 |d 238276 | ||
| 952 | |0 0 |1 0 |4 0 |6 371_280000000000000_FER_1994 |7 0 |8 A |9 248333 |a BIBEDU |b BIBEDU |d 2019-11-18 |i 3128415 |o 371.28 FER 1994 |p 3128415 |r 2019-11-18 |w 2019-11-18 |y BK |k EDU | ||
| 952 | |0 0 |1 0 |4 0 |6 371_280000000000000_FER_1994 |7 0 |8 A |9 248334 |a FDOPOS |b FDOPOS |d 2019-11-18 |i 3688569 |o 371.28 FER 1994 |p 3688569 |r 2025-01-22 |w 2019-11-18 |y BK |k MLA | ||
| 952 | |0 0 |1 0 |4 0 |6 371_280000000000000_FER_1994 |7 0 |8 A |9 248335 |a BIBEDU |b BIBEDU |d 2019-11-18 |i 4224892 |o 371.28 FER 1994 |p 4224892 |r 2019-11-18 |w 2019-11-18 |y BK |k EDU | ||